| 000 | 00552nam a2200181 i 4500 | ||
|---|---|---|---|
| 001 | 142962 | ||
| 003 | ES-MaACL | ||
| 005 | 20230906200656.0 | ||
| 007 | t| | ||
| 008 | 071011m19421944sp ||||1| spa d | ||
| 100 | 1 |
_aVíctor de San José. _9114393 |
|
| 245 | 1 | 0 |
_aLiteratura preceptiva y práctica comparada / _cpor Víctor de San José. |
| 260 |
_aBurgos : _b"El Monte Carmelo", _c1942-1944. |
||
| 300 |
_a1 v. ; _c20 cm. |
||
| 500 | _a2 tom. en 1 vol. | ||
| 500 | _aEl 2º vol. publ. en Calahorra, 1942. | ||
| 852 |
_aES-MaACL _jD-6257 _bR.30065 |
||
| 999 |
_c142962 _d142962 |
||